Szczegóły MARC21

Przykłady i zadania ze statystyki matematycznej /

003 -Nazwa inst., której nr kontr. jest w polu 001 [,]
    • @
    • Nazwa instytucji, której n kontrolny jest w polu 001
    • NUKAT
005 -DATA I CZAS OSTATNIEJ MODYFIKACJI [,]
    • @
    • pole kontrolne
    • 20251007140505.0
020 -Międzynarod. znormalizowany nr książki - ISBN [ , ]
    • a
    • Numer ISBN
    • 8390701510 Find
040 -Instytucja sporządzająca opis [ , ]
    • a
    • Instytucja, która sporządziła opis (NP)
    • GD 015/GP
    • c
    • Instytucja, która sporządziła rekord (NP)
    • GD 015/GP
    • d
    • Instytucja, która zmodyfikowała rekord (P)
    • GD 015/JK
    • d
    • Instytucja, która zmodyfikowała rekord (P)
    • GD 015/EOs
942 -Rodzaj dokumentu [ , ]
    • c
    • Rodzaj dokumentu
    • Książka
245 -Strefa tytułu i oznaczenia odpowiedzialności [0,0]
    • a
    • Tytuł
    • Przykłady i zadania ze statystyki matematycznej / Find
    • c
    • Pozostałe elementy strefy tytułu i oznaczenia odpowiedzialności (NP)
    • Iwona Bąk [et al.] ; [red. nauk. Józef Hozer] ; Katedra Ekonometrii i Statystyki. Uniwersytet Szczeciński, Stowarzyszenie Pomoc i Rozwój.
260 -Strefa adresu wydawniczego [ , ]
    • a
    • Miejsce wydania (P)
    • Szczecin :
    • b
    • Nazwa wydawcy (P)
    • Oficyna Wydawnicza MARGRAF,
    • c
    • Data wydania (P)
    • 1997.
300 -Strefa opisu fizycznego [ , ]
    • a
    • Określenie formy książki i/lub objętość (NP)
    • 229 s. :
    • b
    • Oznaczenie ilustracji (NP)
    • wykr. ;
    • c
    • Format (NP)
    • 24 cm.
336 -Typ zawartości [ , ]
    • a
    • Termin opisujący typ zawartości
    • Tekst
    • b
    • Kod określający zawartość
    • txt
    • 2
    • Źródło (terminu i kodu)
    • rdacontent
337 -Typ mediów [ , ]
    • a
    • Tryb odtwarzania
    • Bez urządzenia pośredniczącego
    • b
    • Kod typu mediów
    • n
    • 2
    • Źródło (terminu i kodu)
    • rdamedia
338 -Typ/rodzaj nośnika [ , ]
    • a
    • Hasło opisujące typ nośnika
    • Wolumin
    • b
    • Kod typu nośnika
    • nc
    • 2
    • Źródło (terminu i kodu)
    • rdacarrier
500 -Uwaga ogólna [ , ]
    • a
    • Uwaga ogólna (NP)
    • Książka jest uzup. skryptu "Statystyka. Wnioskowanie statystyczne", wyd. przez Katedrę Ekonometrii i Statystyki pod red. Józefa Hozera.
504 -Uwaga dot. bibliogr. załącznikowej [ , ]
    • a
    • Uwaga dot. bibliografii załącznikowej
    • Bibliogr. s. [230].
080 -Uniwersalna Klasyfikacja Dziesiętna [ , ]
    • 2
    • Identyfikator wydania tablic
    • UDC-P058
    • a
    • Symbol klasyfikacji
    • 519.2
    • b
    • Dopowiedzenie
    • Rachunek prawdopodobieństwa. Statystyka matematyczna. Analiza statystyczna. Teoria estymacji. Rachunek wyrównawczy. Teoria błędów.
    • x
    • Poddział wspólny
    • (075.8)
    • b
    • Dopowiedzenie
    • (Podręczniki dla szkół wyższych. Skrypty).
    • x
    • Poddział wspólny
    • (076)
    • b
    • Dopowiedzenie
    • (Materiały do ćwiczeń praktycznych. Zadania. Pytania i rozwiązania. Teksty programowe).
650 -Hasło przedmiotowe [ ,7]
    • a
    • Hasło przedmiotowe
    • Statystyka matematyczna
    • v
    • Określnik formalny
    • zadania i ćwiczenia.
    • 2
    • Źródło terminu
    • kaba
    • 9
    • KHW
    • 388629
980 -Symbol UKD [ , ]
    • a
    • UKD
    • 519.2(075.8)(076)
700 -Hasło dodatkowe - nazwa osobowa [1, ]
    • a
    • Nazwa osobowa (NP)
    • Bąk, Iwona Find
    • c
    • Dopowiedzenie inne niż daty biograficzne (NP)
    • (statystyka).
    • 9
    • KHW
    • 421
700 -Hasło dodatkowe - nazwa osobowa [1, ]
    • a
    • Nazwa osobowa (NP)
    • Hozer, Józef Find
    • d
    • Daty biograficzne (NP)
    • (1948-2023).
    • e
    • Określenie rodzaju współpracy
    • Red.
    • 9
    • KHW
    • 7277
920 -ISBN [ , ]
    • a
    • ISBN
    • 83-907015-1-0 Find
Sygnatura Numer inwentarzowy Status udost. Lokalizacja Data inwentaryzacji
 S.802802BE1997-05-20
 E.64411-2BE1997-05-20
 S.802772BE1997-05-20
 S.802782BE1997-05-20
 S.802792BE1997-05-20
 S.802812BE1997-05-20
 S.802822BE1997-05-20
 S.80283-6BE1997-05-20
 S.802842BE1997-05-20
 S.802852BE1997-05-20
 S.802862BE1997-05-20
 S.802872BE1997-05-20
 S.802882BE1997-05-20
 S.80289-3BE1997-05-20
 S.802902BE1997-05-20
 S.802912BE1997-05-20
 S.802922BE1997-05-20
 S.828382BE1998-10-22
 S.828392BE1998-10-22
 S.828402BE1998-10-22
 S.828412BE1998-10-22
 S.828422BE1998-10-22
 S.82843-6BE1998-10-22
 S.82844-6BE1998-10-22
 S.82845-6BE1998-10-22
 S.82846-6BE1998-10-22
 S.82847-6BE1998-10-22
 S.834272BE1999-03-22
 S.85748-3BE2000-04-19
W.206461W.206461-3BG2002-04-04
TS.80293TS.80293-6T1997-05-20
TS.80294TS.80294-6T1997-05-20
 TS.80295-11T1997-05-20
 TS.80296-11T1997-05-20
TS.80297TS.80297-6T1997-05-20
TS.80298TS.80298-6T1997-05-20
TS.80299TS.80299-6T1997-05-20
TS.80300TS.80300-6T1997-05-20
TS.80301TS.80301-6T1997-05-20
TS.80302TS.80302-6T1997-05-20
TS.80303TS.80303-6T1997-05-20
TS.80304TS.80304-6T1997-05-20
TS.80305TS.80305-6T1997-05-20
TM.6537TM.6537-3T2009-04-30
TM.7372TM.7372-3T2010-10-08